Programa editorial
-д хадгалсан:
| Үндсэн зохиолч: | |
|---|---|
| Формат: | Ном |
| Хэл сонгох: | испани |
| Хэвлэсэн: |
Ciudad de México
Area de Educación Superior
1998
|
| Цуврал: | Serie Antologías, 3
|
| Нөхцлүүд: | |
| Шошгууд: |
Шошго нэмэх
Шошго байхгүй, Энэхүү баримтыг шошголох эхний хүн болох!
|
MARC
| LEADER | 00000nam a2200000 a 4500 | ||
|---|---|---|---|
| 001 | UCM1482 | ||
| 003 | CL-VaPUC | ||
| 008 | 020404e19980000MX |||||||||||||||||spa|d | ||
| 082 | 0 | 4 | |a 510 |b COR |2 21 |
| 100 | 0 | |a Cordero Osorio, Francisco |e author |9 468457 | |
| 245 | 1 | 0 | |a Programa editorial |
| 300 | |a 247 p | ||
| 942 | |c BK | ||
| 945 | |d 20020404 00:00:00 |a cmena | ||
| 260 | |a Ciudad de México |b Area de Educación Superior |c 1998 | ||
| 650 | 0 | |a Matemática |9 260235 | |
| 650 | 0 | |a Educación matemática |9 468452 | |
| 650 | 0 | |a Investigación científica |9 259857 | |
| 650 | 0 | |a Matemáticas |x Enseñanza |9 875527 | |
| 583 | |a last modification |c 20121104 10:13:22 |k Rodrigo Vera | ||
| 490 | 0 | |a Serie Antologías, 3 | |
| 999 | |c 299934 |d 299932 | ||